Атомная дипломатия: Хиросима и Потсдам. О применении атомной бомбы и о том, как Америка очутилась лицом к лицу с Советским Союзом: пер. с англ.

Xehetasun bibliografikoak
Egile nagusia: Алпровиц Г. Гар
Hizkuntza:errusiera
Argitaratua: Москва, Международные отношения, 1968
Gaiak:
Formatua: Liburua
KOHA link:https://koha.lib.tpu.ru/cgi-bin/koha/opac-detail.pl?biblionumber=354453

MARC

LEADER 00000nam0a2200000 4500
001 354453
005 20231102010707.0
035 |a (RuTPU)RU\TPU\retro\11711 
090 |a 354453 
100 |a 20200619d1968 km y0rusy50 ca 
101 1 |a rus  |c eng 
102 |a RU 
105 |a y z 000zy 
200 1 |a Атомная дипломатия: Хиросима и Потсдам. О применении атомной бомбы и о том, как Америка очутилась лицом к лицу с Советским Союзом  |e пер. с англ.  |f Г. Алпровиц 
210 |a Москва  |c Международные отношения  |d 1968 
215 |a 271 с. 
606 1 |a Потсдамская конференция 1945  |2 stltpush  |3 (RuTPU)RU\TPU\subj\64406  |9 81304 
610 1 |a ядерное оружие 
610 1 |a атомная бомба 
610 1 |a история 
610 1 |a 20 век 
610 1 |a СССР 
610 1 |a США 
610 1 |a международные отношения 
686 |a Т3(0)62-6  |v LBC/SL-A  |2 rubbk 
700 1 |a Алпровиц  |b Г.  |g Гар 
801 1 |a RU  |b 63413507  |c 20200619 
801 2 |a RU  |b 63413507  |c 20210402  |g RCR 
942 |c BK